Sesión extraordinaria, pública y solemne, en memoria del Excmo. Sr. D. Joaquín Soriano (Record no. 85822)
[ view plain ]
| 000 -LEADER | |
|---|---|
| campo de control de longitud fija | 00806nam a22002297a 4500 |
| 001 - NÚMERO DE CONTROL | |
| campo de control | 85822 |
| 005 - FECHA Y HORA DE LA ÚLTIMA TRANSACCIÓN | |
| campo de control | 20260420151957.0 |
| 007 - CAMPO FIJO DE DESCRIPCIÓN FÍSICA--INFORMACIÓN GENERAL | |
| campo de control de longitud fija | ta |
| 008 - DATOS DE LONGITUD FIJA--INFORMACIÓN GENERAL | |
| campo de control de longitud fija | 260420s2026 sp ||||| |||| 00| 0 spa d |
| 017 ## - NÚMERO DE COPYRIGHT O DE DEPÓSITO LEGAL | |
| Número de copyright o de depósito legal | M-9616-2026 |
| Agencia que asigna | Depósito Legal Oficial Madrid |
| 040 ## - FUENTE DE CATALOGACIÓN | |
| Centro catalogador/agencia de origen | M-RABA |
| Lengua de catalogación | spa |
| Centro/agencia transcriptor | M-RABA |
| 245 00 - MENCIÓN DEL TÍTULO | |
| Título | Sesión extraordinaria, pública y solemne, en memoria del Excmo. Sr. D. Joaquín Soriano |
| 260 ## - PUBLICACIÓN, DISTRIBUCIÓN, ETC. | |
| Lugar de publicación, distribución, etc. | Madrid |
| Nombre del editor, distribuidor, etc. | : Real Academia de Bellas Artes de San Fernando |
| Fecha de publicación, distribución, etc. | , 2026 |
| 300 ## - DESCRIPCIÓN FÍSICA | |
| Extensión | 14 p. |
| Otras características físicas | 21 cm |
| 518 ## - NOTA DE FECHA/HORA Y LUGAR DE UN ACONTECIMIENTO | |
| Nota de fecha/hora y lugar de un acontecimiento | 13 de octubre de 2025 |
| 610 #0 - PUNTO DE ACCESO ADICIONAL DE MATERIA--NOMBRE DE ENTIDAD CORPORATIVA | |
| Nombre de entidad corporativa o nombre de jurisdicción como elemento de entrada | Real Academia de Bellas Artes de San Fernando.- |
| Subdivisión de forma | Necrológicas |
| 9 (RLIN) | 109812 |
| 700 1# - ENTRADA AGREGADA--NOMBRE PERSONAL | |
| Nombre de persona | Soriano, Joaquín ( |
| Fechas asociadas al nombre | 1941-2025) |
| 9 (RLIN) | 37740 |
| 710 2# - ENTRADA AGREGADA--NOMBRE DE ENTIDAD CORPORATIVA | |
| Nombre de entidad corporativa o nombre de jurisdicción como elemento de entrada | Real Academia de Bellas Artes de San Fernando. |
| 9 (RLIN) | 75832 |
| 852 ## - LOCALIZACIÓN | |
| Número de control de estantería | NE-25 |
| 852 ## - LOCALIZACIÓN | |
| Número de control de estantería | NE-26 |
| 942 ## - ELEMENTOS DE ENTRADA SECUNDARIOS (KOHA) | |
| Tipo de ítem Koha | Fondo moderno |
| Suprimir en OPAC | No |
| Estatus retirado | Estado de pérdida | Fuente de la clasificación o esquema de estantería | Estado de daño | No para préstamo | Colección | Biblioteca de origen | Biblioteca actual | Ubicación en estantería | Fecha de adquisición | Total de préstamos | Signatura topográfica completa | Código de barras | Visto por última vez | Precio de reemplazo | Tipo de ítem Koha |
|---|---|---|---|---|---|---|---|---|---|---|---|---|---|---|---|
| Clasificación Decimal Dewey | Discursos | Real Academia de la Bellas Artes de San Fernando | Real Academia de la Bellas Artes de San Fernando | Sala de lectura | 20/04/2026 | NE-25 | 1097008 | 20/04/2026 | 20/04/2026 | Fondo moderno | |||||
| Clasificación Decimal Dewey | Discursos | Real Academia de la Bellas Artes de San Fernando | Real Academia de la Bellas Artes de San Fernando | Sala de lectura | 20/04/2026 | NE-26 | 1097009 | 20/04/2026 | 20/04/2026 | Fondo moderno |